000 00489nam a2200169Ia 4500
003 IN-BaIIA
008 211028s9999 xx 000 0 eng d
020 _a81-7028-100-8
040 _cIIA Library
080 _a038
_bBAH
100 _aBahri, H.
_919886
245 0 _aRajpal English-Hindi dictionary.
_cH. Bahri
260 _aDelhi
_bRajpal and sons
_c1995
300 _a948p
650 _aEnglish-Hindi Dictionary
_916413
942 _cBK
999 _c11575
_d11575